[Event "DVM U16 2020"]
[Site "Willingen GER"]
[Date "2021.06.25"]
[Round "4"]
[White "Sinnhöfer, Joshua"]
[Black "Schäfer, Konstantin"]
[Result "0-1"]
[Termination "normal"]
[Board "4.3"]
[WhiteElo "1712"]
[BlackElo "1754"]
[WhiteClock "01:02:50"]
[BlackClock "00:23:47"]
[WhiteTeam "Delmenhorster SK"]
[BlackTeam "Schachgemeinschaft Leipzig"]
[PlyCount "51"]
[WhiteFideId "16201361"]
[BlackFideId "16240510"]
[EventCountry "GER"]
[EventRounds "7"]
[EventType "team-swiss"]
[EventDate "2021.06.23"]

1. d4 {[%clk 1:30:48]} 1... Nf6 {[%clk 1:30:57]} 2. c4 {[%clk 1:31:03]} 2... c5
{[%clk 1:31:25]} 3. Nf3 {[%clk 1:31:16]} 3... cxd4 {[%clk 1:31:26]} 4. Nxd4 {
[%clk 1:31:32]} 4... e6 {[%clk 1:31:52]} 5. Nc3 {[%clk 1:31:23]} 5... d5 {
[%clk 1:32:15]} 6. Bg5 {[%clk 1:31:23]} 6... Be7 {[%clk 1:29:20]} 7. e3 { [%clk
1:30:27]} 7... O-O {[%clk 1:26:48]} 8. cxd5 {[%clk 1:28:06]} 8... Nxd5 { [%clk
1:24:58]} 9. Bxe7 {[%clk 1:28:06]} 9... Nxe7 {[%clk 1:23:12]} 10. Bd3 { [%clk
1:27:11]} 10... Nbc6 {[%clk 1:21:21]} 11. O-O {[%clk 1:23:43]} 11... Nxd4
{[%clk 1:19:45]} 12. exd4 {[%clk 1:24:07]} 12... Bd7 {[%clk 1:20:13]} 13. Ne4 {
[%clk 1:23:31]} 13... Nf5 {[%clk 1:09:56]} 14. Bc2 {[%clk 1:19:05]} 14... Bb5 {
[%clk 1:08:50]} 15. Re1 {[%clk 1:18:45]} 15... Qxd4 {[%clk 1:09:04]} 16. Qh5 {
[%clk 1:16:24]} 16... Qxb2 {[%clk 0:32:36]} 17. Ng5 {[%clk 1:13:30]} 17... h6 {
[%clk 0:32:56]} 18. Bxf5 {[%clk 1:13:21]} 18... exf5 {[%clk 0:33:23]} 19. Nf3 {
[%clk 1:13:16]} 19... Bd3 {[%clk 0:30:48]} 20. Nh4 {[%clk 1:09:21]} 20... Qb5 {
[%clk 0:29:41]} 21. h3 {[%clk 1:08:31]} 21... Rfe8 {[%clk 0:29:06]} 22. g3 {
[%clk 1:05:42]} 22... Re5 {[%clk 0:25:57]} 23. a4 {[%clk 1:04:03]} 23... Qb2 {
[%clk 0:25:30]} 24. Ng2 {[%clk 1:02:45]} 24... Rae8 {[%clk 0:24:29]} 25. Ne3 {
[%clk 1:02:50]} 25... f4 {[%clk 0:23:47]} 26. Qd1 0-1

[Event "DVM U16 2020"]
[Site "Willingen GER"]
[Date "2021.06.25"]
[Round "4"]
[White "Zinke, Mirko"]
[Black "Alhamid, Mohamad"]
[Result "0-1"]
[Termination "normal"]
[Board "4.4"]
[WhiteElo "1534"]
[BlackElo "1664"]
[WhiteClock "00:07:03"]
[BlackClock "00:21:57"]
[WhiteTeam "Schachgemeinschaft Leipzig"]
[BlackTeam "Delmenhorster SK"]
[PlyCount "82"]
[WhiteFideId "16240600"]
[BlackFideId "16235665"]
[EventCountry "GER"]
[EventRounds "7"]
[EventType "team-swiss"]
[EventDate "2021.06.23"]

1. Nf3 {[%clk 1:30:51]} 1... Nf6 {[%clk 1:30:48]} 2. g3 {[%clk 1:31:12]} 2...
b5 {[%clk 1:31:05]} 3. Bg2 {[%clk 1:31:14]} 3... Bb7 {[%clk 1:31:15]} 4. O-O {
[%clk 1:31:26]} 4... e6 {[%clk 1:31:30]} 5. d3 {[%clk 1:31:29]} 5... c5 { [%clk
1:31:17]} 6. Nbd2 {[%clk 1:24:28]} 6... d5 {[%clk 1:17:51]} 7. Re1 { [%clk
1:12:03]} 7... Be7 {[%clk 1:15:06]} 8. a4 {[%clk 1:09:05]} 8... b4 { [%clk
1:07:46]} 9. c4 {[%clk 1:06:29]} 9... d4 {[%clk 1:02:28]} 10. Qc2 { [%clk
1:01:36]} 10... O-O {[%clk 0:53:09]} 11. e3 {[%clk 0:47:51]} 11... Nc6 { [%clk
0:40:00]} 12. exd4 {[%clk 0:44:28]} 12... cxd4 {[%clk 0:35:42]} 13. Nb3 { [%clk
0:36:18]} 13... Qd7 {[%clk 0:34:25]} 14. Bf4 {[%clk 0:33:24]} 14... Rad8 {[%clk
0:33:00]} 15. Ne5 {[%clk 0:28:04]} 15... Nxe5 {[%clk 0:31:47]} 16. Bxe5 {[%clk
0:28:25]} 16... Bxg2 {[%clk 0:29:03]} 17. Kxg2 {[%clk 0:28:51]} 17... Qc6+
{[%clk 0:28:35]} 18. Kg1 {[%clk 0:28:40]} 18... Bc5 {[%clk 0:28:03]} 19. Nxc5
{[%clk 0:27:43]} 19... Qxc5 {[%clk 0:28:14]} 20. b3 {[%clk 0:27:35]} 20... Nd7
{[%clk 0:23:36]} 21. Bf4 {[%clk 0:24:43]} 21... Qf5 {[%clk 0:23:29]} 22. Bd6
{[%clk 0:22:49]} 22... Rfe8 {[%clk 0:23:54]} 23. Bxb4 {[%clk 0:23:02]} 23...
Ne5 {[%clk 0:24:06]} 24. Re4 {[%clk 0:21:04]} 24... Nf3+ {[%clk 0:23:24]} 25.
Kg2 {[%clk 0:19:58]} 25... Ng5 {[%clk 0:20:49]} 26. Rf4 {[%clk 0:17:27]} 26...
Qh3+ {[%clk 0:20:58]} 27. Kg1 {[%clk 0:17:48]} 27... e5 {[%clk 0:21:14]} 28.
Rh4 {[%clk 0:16:39]} 28... Nf3+ {[%clk 0:21:33]} 29. Kh1 {[%clk 0:17:04]} 29...
Nxh4 {[%clk 0:21:53]} 30. gxh4 {[%clk 0:17:29]} 30... Qf3+ { [%clk 0:22:16]}
31. Kg1 {[%clk 0:17:49]} 31... Re6 {[%clk 0:22:44]} 32. Qd1 { [%clk 0:16:38]}
32... Qh3 {[%clk 0:22:24]} 33. h5 {[%clk 0:15:32]} 33... e4 { [%clk 0:22:37]}
34. dxe4 {[%clk 0:15:19]} 34... Rxe4 {[%clk 0:22:37]} 35. f3 { [%clk 0:15:21]}
35... Re3 {[%clk 0:21:38]} 36. Qf1 {[%clk 0:14:35]} 36... Qxh5 {[%clk 0:21:53]}
37. f4 {[%clk 0:09:38]} 37... Rde8 {[%clk 0:21:55]} 38. Ra2 { [%clk 0:07:35]}
38... d3 {[%clk 0:21:41]} 39. c5 {[%clk 0:07:13]} 39... Re2 { [%clk 0:21:51]}
40. Rxe2 {[%clk 0:07:36]} 40... Rxe2 {[%clk 0:21:57]} 41. c6 { [%clk 0:07:03]}
41... Qxh2# 0-1

[Event "DVM U16 2020"]
[Site "Willingen GER"]
[Date "2021.06.25"]
[Round "4"]
[White "Hassemeier, Mika"]
[Black "Sulayev, Daniel"]
[Result "1/2-1/2"]
[Termination "normal"]
[Board "5.1"]
[WhiteElo "2072"]
[BlackElo "2209"]
[WhiteClock "00:02:50"]
[BlackClock "00:00:39"]
[WhiteTeam "FVS ASP Hoyerswerda"]
[BlackTeam "SV Empor Berlin e.V."]
[PlyCount "78"]
[WhiteFideId "12994880"]
[BlackFideId "12977675"]
[EventCountry "GER"]
[EventRounds "7"]
[EventType "team-swiss"]
[EventDate "2021.06.23"]

1. e4 {[%clk 1:30:59]} 1... c5 {[%clk 1:30:50]} 2. Nf3 {[%clk 1:31:15]} 2...
Nc6 {[%clk 1:31:14]} 3. Bb5 {[%clk 1:31:39]} 3... g6 {[%clk 1:31:12]} 4. Bxc6 {
[%clk 1:31:41]} 4... bxc6 {[%clk 1:31:23]} 5. O-O {[%clk 1:31:29]} 5... Bg7 {
[%clk 1:31:46]} 6. Nc3 {[%clk 1:29:52]} 6... e5 {[%clk 1:26:05]} 7. d3 { [%clk
1:26:30]} 7... Ne7 {[%clk 1:24:03]} 8. Be3 {[%clk 1:16:56]} 8... d6 { [%clk
1:24:25]} 9. Qd2 {[%clk 1:16:54]} 9... O-O {[%clk 1:23:20]} 10. Bh6 { [%clk
1:15:47]} 10... f5 {[%clk 1:18:35]} 11. Bxg7 {[%clk 1:15:39]} 11... Kxg7 {[%clk
1:19:01]} 12. Ne2 {[%clk 1:10:01]} 12... h6 {[%clk 0:55:14]} 13. c3 { [%clk
1:00:44]} 13... Be6 {[%clk 0:36:30]} 14. Rfd1 {[%clk 0:49:14]} 14... Rb8 {[%clk
0:22:34]} 15. b3 {[%clk 0:42:01]} 15... Qc7 {[%clk 0:19:54]} 16. exf5 { [%clk
0:39:46]} 16... Nxf5 {[%clk 0:19:47]} 17. d4 {[%clk 0:37:22]} 17... e4 { [%clk
0:20:02]} 18. Ne1 {[%clk 0:37:35]} 18... c4 {[%clk 0:19:47]} 19. Nf4 { [%clk
0:30:01]} 19... Bf7 {[%clk 0:18:32]} 20. bxc4 {[%clk 0:27:39]} 20... g5 { [%clk
0:18:16]} 21. Ne2 {[%clk 0:24:19]} 21... Bxc4 {[%clk 0:18:35]} 22. Ng3 { [%clk
0:21:26]} 22... Nxg3 {[%clk 0:16:32]} 23. hxg3 {[%clk 0:21:16]} 23... Rb5
{[%clk 0:02:44]} 24. g4 {[%clk 0:12:13]} 24... d5 {[%clk 0:01:30]} 25. Nc2 {
[%clk 0:11:56]} 25... Rb2 {[%clk 0:01:31]} 26. Qc1 {[%clk 0:11:31]} 26... Qb6 {
[%clk 0:00:54]} 27. Rd2 {[%clk 0:10:43]} 27... Rb8 {[%clk 0:00:47]} 28. Ne3 {
[%clk 0:08:11]} 28... Bd3 {[%clk 0:01:16]} 29. Nf5+ {[%clk 0:06:55]} 29... Kh7
{[%clk 0:01:39]} 30. Rxd3 {[%clk 0:06:29]} 30... exd3 {[%clk 0:01:49]} 31. Qe3
{[%clk 0:06:48]} 31... Rb7 {[%clk 0:01:04]} 32. Qe6 {[%clk 0:03:09]} 32... c5 {
[%clk 0:01:14]} 33. Nd6 {[%clk 0:03:27]} 33... Rb1+ {[%clk 0:01:10]} 34. Rxb1 {
[%clk 0:03:43]} 34... Qxb1+ {[%clk 0:01:39]} 35. Kh2 {[%clk 0:04:02]} 35... d2
{[%clk 0:01:58]} 36. Nxb7 {[%clk 0:02:39]} 36... Qxb7 {[%clk 0:01:08]} 37. Qe2
{[%clk 0:02:16]} 37... cxd4 {[%clk 0:00:42]} 38. cxd4 {[%clk 0:02:32]} 38...
Qc7+ {[%clk 0:00:40]} 39. g3 {[%clk 0:02:50]} 39... Qc2 {[%clk 0:00:39]}
1/2-1/2

[Event "DVM U16 2020"]
[Site "Willingen GER"]
[Date "2021.06.25"]
[Round "4"]
[White "Mankel, Luca"]
[Black "Wende, Hugo"]
[Result "1-0"]
[Termination "normal"]
[Board "5.2"]
[WhiteElo "1917"]
[BlackElo "1599"]
[WhiteClock "00:55:07"]
[BlackClock "00:11:38"]
[WhiteTeam "SV Empor Berlin e.V."]
[BlackTeam "FVS ASP Hoyerswerda"]
[PlyCount "55"]
[WhiteFideId "16253876"]
[BlackFideId "16220030"]
[EventCountry "GER"]
[EventRounds "7"]
[EventType "team-swiss"]
[EventDate "2021.06.23"]

1. e4 {[%clk 1:30:57]} 1... e6 {[%clk 1:30:57]} 2. d4 {[%clk 1:31:22]} 2... d5
{[%clk 1:31:08]} 3. Nc3 {[%clk 1:31:49]} 3... dxe4 {[%clk 1:31:23]} 4. Nxe4 {
[%clk 1:32:14]} 4... Nd7 {[%clk 1:31:24]} 5. Nf3 {[%clk 1:32:40]} 5... Ngf6 {
[%clk 1:31:48]} 6. Nxf6+ {[%clk 1:33:06]} 6... Nxf6 {[%clk 1:32:15]} 7. Bd3 {
[%clk 1:33:31]} 7... Be7 {[%clk 1:32:16]} 8. Qe2 {[%clk 1:33:52]} 8... O-O {
[%clk 1:29:25]} 9. Bd2 {[%clk 1:32:43]} 9... a6 {[%clk 1:28:51]} 10. O-O {
[%clk 1:31:18]} 10... b5 {[%clk 1:18:51]} 11. b4 {[%clk 1:29:24]} 11... Bb7 {
[%clk 1:18:54]} 12. a4 {[%clk 1:27:45]} 12... bxa4 {[%clk 1:04:06]} 13. Rxa4 {
[%clk 1:24:11]} 13... Bxf3 {[%clk 1:00:41]} 14. Qxf3 {[%clk 1:24:32]} 14...
Qxd4 {[%clk 0:59:04]} 15. Rfa1 {[%clk 1:23:27]} 15... Qd7 {[%clk 0:46:29]} 16.
b5 {[%clk 1:20:58]} 16... a5 {[%clk 0:46:09]} 17. Bxa5 {[%clk 1:16:52]} 17...
Bc5 {[%clk 0:38:11]} 18. Bc3 {[%clk 1:14:40]} 18... Rxa4 {[%clk 0:37:45]} 19.
Rxa4 {[%clk 1:11:09]} 19... Nd5 {[%clk 0:31:23]} 20. Qh3 {[%clk 1:06:09]} 20...
f5 {[%clk 0:28:10]} 21. Bd2 {[%clk 1:01:59]} 21... e5 {[%clk 0:23:10]} 22. Bc4
{[%clk 0:58:39]} 22... g6 {[%clk 0:19:27]} 23. Qf3 {[%clk 0:56:49]} 23... Rd8 {
[%clk 0:16:40]} 24. Ra8 {[%clk 0:55:07]} 24... e4 {[%clk 0:15:29]} 25. Rxd8+ {
[%clk 0:55:30]} 25... Qxd8 {[%clk 0:15:55]} 26. Qb3 {[%clk 0:55:57]} 26...
Bxf2+ {[%clk 0:11:34]} 27. Kxf2 {[%clk 0:54:53]} 27... e3+ {[%clk 0:11:38]} 28.
Bxe3 {[%clk 0:55:07]} 1-0

[Event "DVM U16 2020"]
[Site "Willingen GER"]
[Date "2021.06.25"]
[Round "4"]
[White "Schuh, Ramon"]
[Black "Breitzmann, Sander"]
[Result "0-1"]
[Termination "normal"]
[Board "5.3"]
[WhiteElo "1378"]
[BlackElo "1821"]
[WhiteClock "00:05:01"]
[BlackClock "01:22:33"]
[WhiteTeam "FVS ASP Hoyerswerda"]
[BlackTeam "SV Empor Berlin e.V."]
[PlyCount "44"]
[WhiteFideId "16215982"]
[BlackFideId "12987085"]
[EventCountry "GER"]
[EventRounds "7"]
[EventType "team-swiss"]
[EventDate "2021.06.23"]

1. e4 {[%clk 1:30:57]} 1... e5 {[%clk 1:30:55]} 2. Nf3 {[%clk 1:30:10]} 2...
Nc6 {[%clk 1:31:23]} 3. Bc4 {[%clk 1:30:30]} 3... Bc5 {[%clk 1:31:50]} 4. d3 {
[%clk 1:28:42]} 4... Nf6 {[%clk 1:32:12]} 5. O-O {[%clk 1:28:48]} 5... d6 {
[%clk 1:32:34]} 6. Bg5 {[%clk 1:27:55]} 6... h6 {[%clk 1:32:59]} 7. Bh4 { [%clk
1:27:45]} 7... g5 {[%clk 1:33:23]} 8. Bg3 {[%clk 1:17:19]} 8... Bg4 { [%clk
1:33:45]} 9. c3 {[%clk 1:15:58]} 9... Rg8 {[%clk 1:33:31]} 10. b4 { [%clk
1:12:22]} 10... Bb6 {[%clk 1:33:50]} 11. Qb3 {[%clk 1:11:23]} 11... Qd7 { [%clk
1:33:56]} 12. Nbd2 {[%clk 1:08:49]} 12... Nh5 {[%clk 1:32:35]} 13. a4 { [%clk
1:03:01]} 13... a5 {[%clk 1:32:00]} 14. b5 {[%clk 1:01:33]} 14... Nd8 { [%clk
1:31:14]} 15. Qb2 {[%clk 0:55:00]} 15... Nf4 {[%clk 1:31:09]} 16. Rfe1 { [%clk
0:52:42]} 16... Bh3 {[%clk 1:27:08]} 17. Bxf4 {[%clk 0:22:52]} 17... gxf4
{[%clk 1:27:21]} 18. Kf1 {[%clk 0:16:51]} 18... Rxg2 {[%clk 1:27:28]} 19. d4 {
[%clk 0:15:09]} 19... Qg4 {[%clk 1:25:50]} 20. Ke2 {[%clk 0:14:09]} 20... Rxf2+
{[%clk 1:26:11]} 21. Kd1 {[%clk 0:09:09]} 21... Qxf3+ {[%clk 1:23:22]} 22. Kc1
{[%clk 0:05:01]} 22... Qg2 {[%clk 1:22:33]} 0-1

[Event "DVM U16 2020"]
[Site "Willingen GER"]
[Date "2021.06.25"]
[Round "4"]
[White "Ellert, Oliver"]
[Black "Friedrich, Eddie"]
[Result "1/2-1/2"]
[Termination "normal"]
[Board "5.4"]
[WhiteElo "1686"]
[BlackElo "1550"]
[WhiteClock "00:11:16"]
[BlackClock "00:57:56"]
[WhiteTeam "SV Empor Berlin e.V."]
[BlackTeam "FVS ASP Hoyerswerda"]
[PlyCount "125"]
[WhiteFideId "16246241"]
[BlackFideId "16274946"]
[EventCountry "GER"]
[EventRounds "7"]
[EventType "team-swiss"]
[EventDate "2021.06.23"]

1. d4 {[%clk 1:30:57]} 1... d5 {[%clk 1:30:49]} 2. Bf4 {[%clk 1:31:23]} 2...
Nf6 {[%clk 1:30:41]} 3. h3 {[%clk 1:31:43]} 3... Bf5 {[%clk 1:30:47]} 4. e3 {
[%clk 1:31:54]} 4... e6 {[%clk 1:30:45]} 5. Bd3 {[%clk 1:31:54]} 5... Bg6 {
[%clk 1:29:49]} 6. Nf3 {[%clk 1:31:32]} 6... Bd6 {[%clk 1:29:14]} 7. Ne5 {
[%clk 1:29:03]} 7... a6 {[%clk 1:28:05]} 8. Nxg6 {[%clk 1:27:31]} 8... hxg6 {
[%clk 1:28:19]} 9. Bxd6 {[%clk 1:27:26]} 9... Qxd6 {[%clk 1:28:30]} 10. c3 {
[%clk 1:27:41]} 10... c5 {[%clk 1:28:18]} 11. Nd2 {[%clk 1:27:28]} 11... cxd4 {
[%clk 1:27:39]} 12. exd4 {[%clk 1:27:02]} 12... Nc6 {[%clk 1:27:55]} 13. Nf3 {
[%clk 1:26:39]} 13... Nh5 {[%clk 1:24:45]} 14. Qd2 {[%clk 1:18:57]} 14... Nf4 {
[%clk 1:23:03]} 15. Bf1 {[%clk 1:18:38]} 15... Nh5 {[%clk 1:21:45]} 16. O-O-O {
[%clk 1:13:23]} 16... b5 {[%clk 1:21:55]} 17. Kb1 {[%clk 1:13:34]} 17... Na5 {
[%clk 1:20:07]} 18. Bd3 {[%clk 1:11:06]} 18... Nf4 {[%clk 1:19:35]} 19. Bf1 {
[%clk 1:10:39]} 19... Nh5 {[%clk 1:19:55]} 20. g3 {[%clk 1:09:48]} 20... Nf6 {
[%clk 1:19:49]} 21. Bd3 {[%clk 1:09:56]} 21... Nc4 {[%clk 1:19:38]} 22. Qc2 {
[%clk 1:09:09]} 22... Qd7 {[%clk 1:12:33]} 23. Ne5 {[%clk 1:05:37]} 23... Nxe5
{[%clk 1:12:23]} 24. dxe5 {[%clk 1:06:00]} 24... Ng8 {[%clk 1:12:37]} 25. f4 {
[%clk 1:05:26]} 25... Ne7 {[%clk 1:12:32]} 26. g4 {[%clk 1:05:39]} 26... Qc6 {
[%clk 1:10:01]} 27. f5 {[%clk 0:53:10]} 27... gxf5 {[%clk 1:09:53]} 28. gxf5 {
[%clk 0:53:28]} 28... O-O-O {[%clk 1:06:37]} 29. Rdg1 {[%clk 0:50:43]} 29... g6
{[%clk 1:00:41]} 30. fxg6 {[%clk 0:49:56]} 30... fxg6 {[%clk 1:00:58]} 31. Bxg6
{[%clk 0:48:58]} 31... Rdg8 {[%clk 0:59:57]} 32. Bh7 {[%clk 0:37:57]} 32... Rf8
{[%clk 0:53:28]} 33. Rg7 {[%clk 0:36:47]} 33... Nf5 {[%clk 0:53:37]} 34. Bxf5 {
[%clk 0:35:55]} 34... Rxf5 {[%clk 0:54:00]} 35. Qe2 {[%clk 0:35:49]} 35... Qc4
{[%clk 0:50:02]} 36. Qe3 {[%clk 0:20:52]} 36... Qe4+ {[%clk 0:47:21]} 37. Qxe4
{[%clk 0:20:30]} 37... dxe4 {[%clk 0:47:46]} 38. Ra7 {[%clk 0:19:58]} 38... e3
{[%clk 0:46:44]} 39. Re1 {[%clk 0:05:53]} 39... Rxh3 {[%clk 0:45:30]} 40. Rxa6
{[%clk 0:04:04]} 40... Rf2 {[%clk 0:32:41]} 41. Kc1 {[%clk 0:00:47]} 41... Rhh2
{[%clk 0:30:13]} 42. Rd6 {[%clk 0:19:59]} 42... Rc2+ {[%clk 0:59:56]} 43. Kb1 {
[%clk 0:19:19]} 43... Rxb2+ {[%clk 1:00:12]} 44. Ka1 {[%clk 0:19:26]} 44...
Rxa2+ {[%clk 1:00:33]} 45. Kb1 {[%clk 0:19:51]} 45... Rhb2+ {[%clk 1:00:25]}
46. Kc1 {[%clk 0:20:11]} 46... Rd2 {[%clk 0:58:43]} 47. Rxe3 {[%clk 0:19:14]}
47... Rxd6 {[%clk 0:58:28]} 48. exd6 {[%clk 0:19:34]} 48... Kd7 {[%clk 0:58:55]
} 49. Kb1 {[%clk 0:18:47]} 49... Rd2 {[%clk 0:59:10]} 50. Kc1 {[%clk 0:18:54]}
50... Rxd6 {[%clk 0:59:23]} 51. Kc2 {[%clk 0:19:11]} 51... Rd5 {[%clk 0:59:10]}
52. Rh3 {[%clk 0:14:09]} 52... Kd6 {[%clk 0:58:58]} 53. Kb3 {[%clk 0:13:37]}
53... Kc5 {[%clk 0:58:42]} 54. Rh4 {[%clk 0:13:54]} 54... e5 {[%clk 0:58:32]}
55. Rh6 {[%clk 0:11:04]} 55... Rd3 {[%clk 0:56:55]} 56. Re6 {[%clk 0:10:07]}
56... Kd5 {[%clk 0:56:56]} 57. Rb6 {[%clk 0:10:22]} 57... Kc5 {[%clk 0:57:17]}
58. Re6 {[%clk 0:10:39]} 58... Rd5 {[%clk 0:57:24]} 59. Kc2 {[%clk 0:10:10]}
59... Kc4 {[%clk 0:57:32]} 60. Rc6+ {[%clk 0:10:18]} 60... Rc5 {[%clk 0:57:54]}
61. Rd6 {[%clk 0:10:40]} 61... b4 {[%clk 0:57:34]} 62. cxb4 {[%clk 0:10:52]}
62... Kxb4+ {[%clk 0:57:56]} 63. Kd3 {[%clk 0:11:16]} 1/2-1/2

[Event "DVM U16 2020"]
[Site "Willingen GER"]
[Date "2021.06.25"]
[Round "4"]
[White "Yi, Danny"]
[Black "Burgtorf, Benjamin"]
[Result "0-1"]
[Termination "normal"]
[Board "6.1"]
[WhiteTitle "FM"]
[WhiteElo "2253"]
[BlackElo "1773"]
[WhiteClock "00:03:13"]
[BlackClock "00:07:11"]
[WhiteTeam "SF 59 Kornwestheim"]
[BlackTeam "SchVgg Blankenese von 1923 e.V."]
[PlyCount "120"]
[WhiteFideId "12988588"]
[BlackFideId "16242920"]
[EventCountry "GER"]
[EventRounds "7"]
[EventType "team-swiss"]
[EventDate "2021.06.23"]

1. e4 {[%clk 1:30:57]} 1... e6 {[%clk 1:30:11]} 2. d4 {[%clk 1:31:10]} 2... d5
{[%clk 1:30:35]} 3. Nd2 {[%clk 1:31:33]} 3... c5 {[%clk 1:29:52]} 4. exd5 {
[%clk 1:31:47]} 4... Qxd5 {[%clk 1:30:14]} 5. dxc5 {[%clk 1:31:48]} 5... Nf6 {
[%clk 1:28:35]} 6. Ngf3 {[%clk 1:30:37]} 6... Qxc5 {[%clk 1:26:28]} 7. Bd3 {
[%clk 1:27:27]} 7... Be7 {[%clk 1:24:16]} 8. a3 {[%clk 1:25:57]} 8... Qc7 {
[%clk 1:20:04]} 9. O-O {[%clk 1:22:15]} 9... O-O {[%clk 1:19:04]} 10. b4 {
[%clk 1:16:14]} 10... a5 {[%clk 1:16:49]} 11. Bb2 {[%clk 1:14:59]} 11... Nbd7 {
[%clk 1:13:48]} 12. c3 {[%clk 1:05:39]} 12... Rd8 {[%clk 1:06:24]} 13. Re1 {
[%clk 0:56:55]} 13... b6 {[%clk 0:54:26]} 14. Bf1 {[%clk 0:54:10]} 14... Bb7 {
[%clk 0:52:18]} 15. Qb3 {[%clk 0:51:57]} 15... Nf8 {[%clk 0:49:44]} 16. c4 {
[%clk 0:47:24]} 16... Ng6 {[%clk 0:45:02]} 17. Rad1 {[%clk 0:43:55]} 17... Rd7
{[%clk 0:42:55]} 18. Ne5 {[%clk 0:39:34]} 18... Nxe5 {[%clk 0:41:17]} 19. Bxe5
{[%clk 0:39:54]} 19... Qc6 {[%clk 0:39:03]} 20. c5 {[%clk 0:30:49]} 20... axb4
{[%clk 0:32:59]} 21. axb4 {[%clk 0:30:32]} 21... Rad8 {[%clk 0:30:22]} 22. Bxf6
{[%clk 0:19:10]} 22... Bxf6 {[%clk 0:25:34]} 23. Nc4 {[%clk 0:18:19]} 23...
Rxd1 {[%clk 0:24:07]} 24. Rxd1 {[%clk 0:17:56]} 24... Rxd1 {[%clk 0:23:40]} 25.
Qxd1 {[%clk 0:18:23]} 25... bxc5 {[%clk 0:23:41]} 26. Na5 {[%clk 0:18:26]}
26... Qd5 {[%clk 0:21:02]} 27. Qa4 {[%clk 0:17:52]} 27... g6 {[%clk 0:17:11]}
28. Qb5 {[%clk 0:06:59]} 28... Ba8 {[%clk 0:13:32]} 29. bxc5 {[%clk 0:07:18]}
29... Bd8 {[%clk 0:09:57]} 30. Qb8 {[%clk 0:04:28]} 30... Kg7 31. Nc4 { [%clk
0:04:24]} 31... Bc6 {[%clk 0:07:57]} 32. Qa7 {[%clk 0:02:39]} 32... Bf6 { [%clk
0:05:20]} 33. Nd6 {[%clk 0:01:36]} 33... e5 {[%clk 0:04:45]} 34. Qc7 { [%clk
0:01:41]} 34... e4 {[%clk 0:03:52]} 35. Nxf7 {[%clk 0:01:44]} 35... Qxf7 {[%clk
0:03:25]} 36. Qxc6 {[%clk 0:02:12]} 36... Bd4 {[%clk 0:02:54]} 37. Kh1 { [%clk
0:02:11]} 37... Qxf2 {[%clk 0:02:45]} 38. Qd7+ {[%clk 0:02:25]} 38... Kh6
{[%clk 0:01:34]} 39. Qh3+ {[%clk 0:01:30]} 39... Kg5 {[%clk 0:01:17]} 40. Qg3+
{[%clk 0:00:47]} 40... Qxg3 {[%clk 0:01:39]} 41. hxg3 {[%clk 0:01:11]} 41...
Bxc5 {[%clk 0:01:44]} 42. Be2 {[%clk 0:19:16]} 42... Kf5 {[%clk 0:18:06]} 43.
Kh2 {[%clk 0:17:46]} 43... Ke5 {[%clk 0:17:16]} 44. Bb5 {[%clk 0:14:05]} 44...
Bf2 {[%clk 0:13:45]} 45. Kh3 {[%clk 0:12:02]} 45... Kd4 {[%clk 0:10:03]} 46.
Kg4 {[%clk 0:04:08]} 46... Be3 {[%clk 0:06:35]} 47. Ba6 {[%clk 0:03:12]} 47...
Bh6 {[%clk 0:06:26]} 48. Bb5 {[%clk 0:01:59]} 48... Ke3 {[%clk 0:06:25]} 49.
Bc6 {[%clk 0:01:56]} 49... Bf8 {[%clk 0:06:02]} 50. Kg5 {[%clk 0:01:25]} 50...
Be7+ {[%clk 0:04:50]} 51. Kh6 {[%clk 0:01:30]} 51... Kd3 {[%clk 0:04:47]} 52.
Kxh7 {[%clk 0:01:33]} 52... g5 {[%clk 0:05:12]} 53. Kg6 {[%clk 0:01:43]} 53...
e3 {[%clk 0:05:28]} 54. Kf5 {[%clk 0:01:39]} 54... e2 {[%clk 0:05:42]} 55. Bb5+
{[%clk 0:02:05]} 55... Kd2 {[%clk 0:06:03]} 56. Bxe2 {[%clk 0:02:24]} 56...
Kxe2 {[%clk 0:06:32]} 57. Kg4 {[%clk 0:02:36]} 57... Kf2 {[%clk 0:06:25]} 58.
Kh3 {[%clk 0:02:52]} 58... Kg1 {[%clk 0:06:46]} 59. g4 {[%clk 0:02:49]} 59...
Bd6 {[%clk 0:06:48]} 60. g3 {[%clk 0:03:13]} 60... Kf2 {[%clk 0:07:11]} 0-1